| 000 | 01293nam a22003375a 4500 | ||
|---|---|---|---|
| 005 | 20090319002334.0 | ||
| 008 | 090303s2009 ii a g bs 001 0 eng d | ||
| 010 | _aENG-93534 | ||
| 020 |
_a9788189973896 _c995.00 |
||
| 020 |
_a8189973894 _c995.00 |
||
| 035 | _aEN-77067 | ||
| 037 | _bDBAD / PUB | ||
| 040 |
_adpl _bEnglish |
||
| 082 | _a363.5969420954 | ||
| 100 |
_aJain, A. K. _q(Ashok Kumar), |
||
| 245 |
_aUrban housing and slums / _cby A.K. Jain. |
||
| 246 | _aUrban housing & slums | ||
| 260 |
_aNew Delhi _bReadworthy Publications _c2009 |
||
| 270 |
_a4662/21, Ansari Road, Daryaganj, _bNew Delhi _e110002 |
||
| 300 |
_a394 p. : _bill. _c23 cm(Hb) |
||
| 500 | _aIncludes index | ||
| 500 | _aIncludes statistical tables | ||
| 504 | _aIncludes bibliographical references | ||
| 520 | _aWith reference to India. | ||
| 650 |
_aUrban poor _xHousing _xGovernment policy _zIndia. |
||
| 650 |
_aHousing policy _zIndia. |
||
| 650 |
_aSlums _xGovernment policy _zIndia. |
||
| 650 |
_aSquatter settlements _xGovernment policy _zIndia. |
||
| 942 |
_2ddc _cEN _h363.5969420954 _mJAI |
||
| 999 |
_c26443 _d26443 |
||